000 01265cam a2200277 i 4500
003 SA-RiAUC
005 20251113121944.0
008 251021s1998 su g 000r0 ara c
040 _aSA-JeALM
_bara
_cSA-RiAUC
_erda
041 1 _aara
_aeng
082 0 4 _a210.6
090 _a210.6
_bر ا ب
110 2 _aرابطة العالم الإسلامي (مكة المكرمة).
_bالأمانة العامة
_eمؤلف.
245 1 0 _aقرارات المجمع الفقهي الإسلامي لرابطة العالم الإسلامي /
_cالأمانة العامة، رابطة العالم الإسلامي.
264 1 _aمكة المكرمة :
_bرابطة العالم الإسلامي، الأمانة العامة الدورة الرابعة عشرة،
_c1996
300 _a48 صفحة ؛
_c24 سم
336 _aنص
_btxt
_2rdacontent
_3كتاب
337 _aبدون وسيط
_bn
_2rdamedia
338 _aمجلد
_bnc
_2rdacarrier
546 _aالنص باللغتين العربية والإنجليزية.
650 7 _aالإجماع (أصول فقه)
_2aucsh
650 7 _aالفقه الإسلامي
_vمؤتمرات
_2aucsh
650 7 _aالفقه الإسلامي
_2aucsh
942 _2ddc
_cBOOK
_n0
949 _aSA-JeALM
_d251021
_umohamedma123
_n1
999 _c13240
_d13240